000 00437nam a2200133Ia 4500
008 260210s9999 xx 000 0 und d
024 _a10B-10-BS, 10B-32-BS & 10B-34-BS
082 _a005.25072 UME
100 _aM.Umer mukhtar, M. Waqas Pasha & Abdul Rafay Waqar
245 0 _aMetro Cab System (using IP-radio)
260 _aKarachi:
_bUITU,
_c2010
600 _aComputer Science
650 _aBachelor of Computer Science (BS)
999 _c32141
_d32141